| 000 | 00631cam a2200241 4500 | ||
|---|---|---|---|
| 001 | B345 | ||
| 008 | 090401t1986 xxu||||| |||| 00| 0 eng d | ||
| 035 | _a(Sirsi) u35123 | ||
| 041 | _aeng | ||
| 050 | _a333.73 | ||
| 100 | _aCharles, J. A. | ||
| 245 | _aPreloading uncompacted fills | ||
| 260 |
_aGarston,Watford _bBRE _c1986 |
||
| 300 | _a(4)p. : ill. ; 30cm. | ||
| 350 | _a0 | ||
| 490 |
_aBRE Information Paper _v16/86 |
||
| 650 | _aFILLS | ||
| 650 | _aBUILT ENVIRONMENT-BUILDING ELEMENTS-COMPLETE BUILDING ELEMENTS-FOUNDATIONS | ||
| 650 | _aSETTLEMENT | ||
| 700 | _aWatts, K.S. | ||
| 942 | _n0 | ||
| 948 | _c04/03/1997 | ||
| 999 |
_c90049 _d90049 |
||